Vida, obra y anécdotas del pintor Pablo Uranga / (Record no. 64296)

MARC details
000 -LEADER
campo de control de longitud fija 00634nam a2200205 i 4500
001 - NÚMERO DE CONTROL
campo de control 64296
003 - IDENTIFICADOR DE NÚMERO DE CONTROL
campo de control ES-MaACL
005 - FECHA Y HORA DE LA ÚLTIMA TRANSACCIÓN
campo de control 20230906165109.0
007 - CAMPO FIJO DE DESCRIPCIÓN FÍSICA--INFORMACIÓN GENERAL
campo de control de longitud fija t|
008 - DATOS DE LONGITUD FIJA--INFORMACIÓN GENERAL
campo de control de longitud fija 031223s1963 sp ||||1| spa d
100 1# - ENTRADA PRINCIPAL--NOMBRE DE PERSONA
Nombre de persona Flores Haperotxipi, M.
9 (RLIN) 51285
245 10 - MENCIÓN DEL TÍTULO
Título Vida, obra y anécdotas del pintor Pablo Uranga /
Mención de responsabilidad, etc. M. Flores Haperotxipi ; cubierta de Nestor Basterrechea.
260 ## - PUBLICACIÓN, DISTRIBUCIÓN, ETC.
Lugar de publicación, distribución, etc. [Zarauz :
Nombre del editor, distribuidor, etc. s.n.,
Fecha de publicación, distribución, etc. 1963] (
Fabricante Icharopena)
300 ## - DESCRIPCIÓN FÍSICA
Extensión 114 p., 20 lám. ;
Dimensiones 21 cm.
490 1# - MENCIÓN DE SERIE
Mención de serie Azkue
700 1# - ENTRADA AGREGADA--NOMBRE PERSONAL
Nombre de persona Basterretxea, Néstor.
9 (RLIN) 26357
830 0# - PUNTO DE ACCESO ADICIONAL DE SERIE-TÍTULO UNIFORME
Título uniforme Azkue
9 (RLIN) 186375
852 ## - LOCALIZACIÓN
Ubicación ES-MaACL
Número de control de estantería C-24345
Sublocalización o colección R.53020
Holdings
Estatus retirado Estado de pérdida Estado de daño No para préstamo Biblioteca de origen Biblioteca actual Ubicación en estantería Fecha de adquisición Fuente de adquisición Total de préstamos Signatura topográfica completa Código de barras Visto por última vez Precio de reemplazo Tipo de ítem Koha
        Biblioteca del Ateneo de Madrid Biblioteca del Ateneo de Madrid Depósito 2 17/01/2008     C-24345 1067376 23/02/2023 23/02/2023 Libro impreso